000 00393nam a22001697a 4500
003 MPLRDC
005 20220104143007.0
008 210129b ||||| |||| 00| 0 eng d
082 _a220.7 QL-2
100 _a不详
245 _a初机净业指南
_c
260 _a
_b青莲印经会
_c1986
300 _b
490 _a青莲之58
650 _a佛教杂论
942 _cBK
_o220.7 QL-2
999 _c35590
_d35580